| 000 | 00622cam a2200181 4500 | ||
|---|---|---|---|
| 008 | 000000n2000 000 0 eng u | ||
| 035 | _a(Sirsi) u107307 | ||
| 245 | _aMore land for sale in England | ||
| 260 | _c2000 | ||
| 490 |
_aFarmers Guardian _v 21 July 2000, 47(1) |
||
| 520 | _aDiscusses FPDSavills latest research findings, which indicate there has been 23% more farmland for sale in England in the first six months of 2000 compared with the same period last year. | ||
| 590 | _aWB | ||
| 650 | _aFARMLAND VALUES | ||
| 650 | _aFPDSAVILLS | ||
| 650 | _aFARMLAND SALES | ||
| 690 | _aRURAL-MARKET | ||
| 942 | _n0 | ||
| 999 |
_c64157 _d64157 |
||